Escuela Profesional para la Mujer : profesiones propias de la mujer y complemento de cultura general : clases de día y clases de noche para empleadas y obreras profesiones propias de la mujer y complemento de cultura general :
Descripción Física:
[7] p. ; 21 cm
MARC
| LEADER | 00000nam a2200000Ia 4500 | ||
|---|---|---|---|
| 001 | 9363 | ||
| 008 | 160829s9999 xx 000 0 cat d | ||
| 080 | |a FU-10-80 | ||
| 110 | 2 | |a Escola Professional de la Dona |9 52886 | |
| 245 | |a Escuela Profesional para la Mujer : |b profesiones propias de la mujer y complemento de cultura general : |b clases de día y clases de noche para empleadas y obreras | ||
| 260 | |a Barcelona : |b (Imp. Casa Caritat), [195 - ?] | ||
| 300 | |a [7] p. ; |c 21 cm | ||
| 590 | |a A la part superior de la portada: Diputación Provincial de Barcelona. | ||
| 590 | |a Hi ha un duplicat amb R. 17493: DUP-65-40 | ||
| 610 | 2 | 0 | |a Escola Professional de la Dona |x Currículums |9 54362 |
| 710 | 1 | |a Barcelona (Catalunya : Província). |b Diputació |9 52408 | |
| 901 | |a Arxiu | ||
| 942 | |n 1 | ||
| 952 | |0 0 |1 0 |4 0 |6 FU1080 |7 1 |9 45399 |a Arxiu |b Arxiu |d 2016-12-01 |l 0 |o FU-10-80 |p 9363 |r 2016-12-01 00:00:00 |w 2016-12-01 |y ARXIU | ||
| 999 | |c 48505 |d 48505 | ||